banner koha

Efeito da umidade do solo e da densidade de plantio sobre a fenologia e o crescimento de tres genotipos de algodoeiro herbaceo (Registro n. 167114)

MARC details
000 -LÍDER
campo de controle de tamanho fixo 01011nas a2200313 4500
001 - NÚMERO DE CONTROLE
campo de controle BR0103318
003 - IDENTIFICADOR DO NÚMERO DE CONTROLE
campo de controle BR-BrBNA
005 - DATA E HORÁRIO DA ÚLTIMA TRANSAÇÃO
campo de controle 20231205102340.0
007 - CAMPO FIXO DE DESCRIÇÃO FÍSICA--INFORMAÇÃO GERAL
campo de controle de tamanho fixo ta
008 - CAMPO DE DADOS FIXOS--INFORMAÇÃO GERAL
campo de controle de tamanho fixo 230509b bl.|||p| |||| 00| 00por d
040 ## - FONTE DA CATALOGAÇÃO
Instituição da catalogação original BR-BrBNA
Idioma da catalogação por
Instituição que transcreveu o registro Biblioteca Nacional de Agricultura
041 ## - CÓDIGO DE IDIOMA
Código do idioma do texto/trilha sonora ou título diferente (Pt)
072 ## - CÓDIGO DE CATEGORIA DE ASSUNTO
Código de Categoria de Assunto P33; F60
100 1# - ENTRADA PRINCIPAL--NOME PESSOAL
Nome pessoal Luz, M.J. da S. e
100 1# - ENTRADA PRINCIPAL--NOME PESSOAL
Nome pessoal Bezerra, J.R.C.
100 1# - ENTRADA PRINCIPAL--NOME PESSOAL
Nome pessoal Cavalcante, F.B.
100 1# - ENTRADA PRINCIPAL--NOME PESSOAL
Nome pessoal Saunders, L.C.U.
100 1# - ENTRADA PRINCIPAL--NOME PESSOAL
Nome pessoal Holanda, A.F. de
245 1# - TÍTULO
Título Efeito da umidade do solo e da densidade de plantio sobre a fenologia e o crescimento de tres genotipos de algodoeiro herbaceo
650 ## - ASSUNTO--TERMO TÓPICO
Cabeçalho tópico ou nome geográfico Algodao Herbaceo
650 ## - ASSUNTO--TERMO TÓPICO
Cabeçalho tópico ou nome geográfico Densidade de Plantio
650 ## - ASSUNTO--TERMO TÓPICO
Cabeçalho tópico ou nome geográfico Fisiologia Vegetal
650 ## - ASSUNTO--TERMO TÓPICO
Cabeçalho tópico ou nome geográfico Estatura de Planta
650 ## - ASSUNTO--TERMO TÓPICO
Cabeçalho tópico ou nome geográfico Populacao de Planta
650 ## - ASSUNTO--TERMO TÓPICO
Cabeçalho tópico ou nome geográfico Genotipo
773 0# - ENTRADA ANALÍTICA
Título Revista de Oleaginosas e Fibrosas (Brazil)
ISSN - International Standard Serial Number ISSN 1415-6784
Partes relacionadas (May-Aug 1999), v. 3(2) p. 77-82
Número de controle do registro BR0103318
909 ## -
-- 202311
-- Lúcia
-- 55
-- Lúcia Elande
942 ## - ELEMENTOS DE ENTRADA ADICIONADOS (KOHA)
Fonte da classificação ou esquema de arquivamento na estante Classificação AGRIS
Ocultar no OPAC Não
Tipo de material Koha Analítica
Exemplares
Situação do descarte Fonte da classificação ou esquema de arquivamento na estante Situação física Não pode ser emprestado Biblioteca de origem Biblioteca atual Localização na estante Enumeração do periódico / cronologia Total de empréstimos Data de último acesso Número do exemplar Tipo de material Koha Fonte de aquisição
  Classificação AGRIS   Consulta local Biblioteca Nacional de Agricultura - Binagri Biblioteca Nacional de Agricultura - Binagri   (May-Aug 1999), v. 3(2) p. 77-82   29/11/2023 01 Periódicos Portaria Interministerial nº 164/94

BINAGRI

Telefone: (61)3218-2567/2388/3357/2097 - binagri@agro.gov.br

Ministério da Agricultura e Pecuária , Esplanada dos Ministérios, Bloco D, Anexo B, Brasília/DF, CEP: 70.043-900